000 00771nam a2200241Ia 4500
003 OSt
005 20220923224837.0
006 a|||||r|||| 00| 0
007 ta
008 220922b |||||||| |||| 00| 0 hin d
024 _a252,021
037 _cTextual
040 _aARTS
_cARTS
_bhin
041 _2hin
_ahin
082 _aO152,3:g, L9
100 _aपांडेय
245 0 _aहिन्दी के ऑंचलिक उपन्यास में जीवन स्वरूप सत्य
246 _aHindī ke ऑanchalik upanyās mean jīvan svarūp satya
260 _c1979
650 _aहिन्दी साहित्य
_9156264
942 _hO152,3:g, L9
_cTEXL
_2CC
999 _c374060
_d374060